| 000 | 01375nam a2200385Ii 4500 | ||
|---|---|---|---|
| 001 | DIGUAL0303 | ||
| 003 | NyNyDIG | ||
| 006 | m o d | ||
| 007 | cr ||||||||||| | ||
| 008 | 140501s2012 sp a ob 000 0 spa d | ||
| 020 | _z8497172051 | ||
| 020 | _z9788497172059 | ||
| 035 | _a(OCoLC)888250273 | ||
| 040 |
_aDGITA _beng _epn _cDGITA |
||
| 043 |
_ae------ _acl----- |
||
| 050 | 1 | 4 | _aLA227.4 eBook |
| 245 | 0 | 0 |
_aConvivencia en educación, problemas y soluciones : _bperspectivas europea y latinoamericana / _cSalvador Peiró i Gregòri (coord.). |
| 264 | 1 |
_aSan Vicente del Raspeig : _bPublicaciones de la Universidad de Alicante, _c2012. |
|
| 300 |
_a1 online resource (277 pages) : _bill. |
||
| 336 |
_atext _btxt _2rdacontent |
||
| 337 |
_acomputer _bc _2rdamedia |
||
| 338 |
_aonline resource _bcr _2rdacarrier |
||
| 490 | 1 | _aEducación. | |
| 504 | _aIncludes bibliographical references. | ||
| 650 | 0 |
_aEducation _xSocial aspects |
|
| 650 | 0 | _aSchool discipline. | |
| 655 | 0 | _aElectronic books. | |
| 700 | 1 | _aPeiró y Gregori, Salvador. | |
| 791 | 2 |
_aDigitalia (Firm), _edistributor. |
|
| 830 | 0 | _aEducación (Universidad de Alicante) | |
| 793 | 0 |
_gDigitalia eBook Collection: _aUniv. de Alicante. |
|
| 856 | 4 | 0 |
_3Digitalia Hispánica _uhttps://www.digitaliapublishing.com/a/21318/ |
| 910 | _aPremium Collection: 2007-2012 | ||
| 942 | _cRAA | ||
| 999 |
_c237399 _d237399 |
||